[Event "IRI-ch U12"]
[Site "Chess.com INT"]
[Date "2021.01.16"]
[Round "4"]
[White "Alaghehmand, Arshia"]
[Black "Khosronejad, Abtin"]
[Result "1-0"]
[WhiteElo "1396"]
[BlackElo "1752"]
[PlyCount "109"]
[EventDate "2021.01.16"]
[EventType "swiss"]
[EventRounds "11"]
[EventCountry "IRI"]
[SourceTitle "EXT 2022"]
[Source "ChessBase"]
[SourceDate "2021.10.06"]
[SourceVersion "1"]
[SourceVersionDate "2021.10.06"]
[SourceQuality "1"]

1. e4 c6 2. d4 d5 3. e5 Bf5 4. Bd3 Bxd3 5. Qxd3 e6 6. Ne2 Qa5+ 7. c3 Qb5 8. Qe3 Ne7 9. Ng3 Nd7 10. Nd2 c5 11. Qe2 Qxe2+ 12. Kxe2 Nc6 13. Nf3 cxd4 14. cxd4 Be7 15. Bd2 0-0 16. Rac1 f6 17. exf6 Bxf6 18. Kd3 e5 19. dxe5 Ndxe5+ 20. Nxe5 Bxe5 21. f3 Bxb2 22. Rb1 Ne5+ 23. Ke2 Nc4 24. Rhd1 b6 25. Bc1 Rfe8+ 26. Kf2 Bxc1 27. Rbxc1 Rad8 28. Rd4 Re5 29. Rcxc4 dxc4 30. Rxd8+ Kf7 31. Ne4 Ra5 32. Rd2 b5 33. Ke3 Ke7 34. Kd4 Ra6 35. Kc5 Rb6 36. Nc3 b4 37. Nd5+ Ke6 38. Nxb6 c3 39. Re2+ Kf5 40. Kxb4 axb6 41. Kxc3 b5 42. Kb4 Kf4 43. Kxb5 g5 44. a4 g4 45. fxg4 Kxg4 46. a5 h5 47. a6 h4 48. a7 h3 49. gxh3+ Kh4 50. a8Q Kg5 51. Qd5+ Kh4 52. Re4+ Kxh3 53. Qd3+ Kg2 54. Re2+ Kg1 55. Qd1# 1-0

[Event "IRI-ch U12"]
[Site "Chess.com INT"]
[Date "2021.01.16"]
[Round "5"]
[White "Tahmasebi, Hosein"]
[Black "Alaghehmand, Arshia"]
[Result "0-1"]
[WhiteElo "1631"]
[BlackElo "1396"]
[PlyCount "130"]
[EventDate "2021.01.16"]
[EventType "swiss"]
[EventRounds "11"]
[EventCountry "IRI"]
[SourceTitle "EXT 2022"]
[Source "ChessBase"]
[SourceDate "2021.10.06"]
[SourceVersion "1"]
[SourceVersionDate "2021.10.06"]
[SourceQuality "1"]

1. e4 c6 2. d4 d5 3. e5 c5 4. dxc5 Nc6 5. Nf3 Bg4 6. Bb5 e6 7. Be3 Qa5+ 8. Nc3 a6 9. Bxc6+ bxc6 10. Qd4 Bxf3 11. gxf3 Ne7 12. b4 Qc7 13. Na4 Nf5 14. Qc3 Rd8 15. Rd1 d4 16. Bxd4 Nxd4 17. Rxd4 Qxe5+ 18. Re4 Qg5 19. Rg4 Qc1+ 20. Ke2 Qxh1 21. Rd4 Rxd4 22. Qxd4 Qxh2 23. f4 Qh5+ 24. f3 Qd5 25. Qc3 h5 26. Nb6 Qd8 27. Qe5 Be7 28. Qxg7 Bf6 29. Qg1 h4 30. Nc4 h3 31. Nd6+ Kf8 32. Qh2 Be7 33. Ne4 Qd4 34. c3 Qc4+ 35. Ke3 Qf1 36. f5 Bg5+ 37. Nxg5 Qc1+ 38. Ke4 Qxg5 39. Qb8+ Kg7 40. Qe5+ Kh7 41. Qh2 Qxf5+ 42. Ke3 Rd8 43. Qg3 Qd3+ 44. Kf2 Qd2+ 45. Kg1 Qg2+ 46. Qxg2 hxg2 47. Kxg2 Rd2+ 48. Kg3 Rxa2 49. Kf4 Rc2 50. Ke5 Rxc3 51. Kd6 Rc4 52. Kxc6 Rxb4 53. Kd6 Rc4 54. c6 a5 55. c7 a4 56. Kd7 a3 57. c8Q Rxc8 58. Kxc8 a2 59. Kd7 a1Q 60. Ke7 Kg6 61. Kf8 Qc3 62. f4 Qc7 63. f5+ exf5 64. Ke8 f6 65. Kf8 Qf7# 0-1